Leadership : research findings, practice and skills (Record no. 4803)
[ view plain ]
| 000 -LEADER | |
|---|---|
| fixed length control field | 00400nam a2200157Ia 4500 |
| 008 - FIXED-LENGTH DATA ELEMENTS--GENERAL INFORMATION | |
| fixed length control field | 230711s9999||||xx |||||||||||||| ||und|| |
| 041 ## - LANGUAGE CODE | |
| Language code of text/sound track or separate title | ENG |
| 082 ## - DEWEY DECIMAL CLASSIFICATION NUMBER | |
| Classification number | 651 |
| Item number | DU-L |
| 100 ## - MAIN ENTRY--PERSONAL NAME | |
| Personal name | Dubrin,Andrew J |
| 245 #0 - TITLE STATEMENT | |
| Title | Leadership : research findings, practice and skills |
| 250 ## - EDITION STATEMENT | |
| Edition statement | 4th . Ed. |
| 260 ## - PUBLICATION, DISTRIBUTION, ETC. | |
| Date of publication, distribution, etc. | 2005 |
| Place of publication, distribution, etc. | New Delhi |
| Name of publisher, distributor, etc. | Biiztantra |
| 300 ## - PHYSICAL DESCRIPTION | |
| Extent | 572 |
| 650 ## - SUBJECT ADDED ENTRY--TOPICAL TERM | |
| Topical term or geographic name entry element | Mechanical Engineering |
| 942 ## - ADDED ENTRY ELEMENTS (KOHA) | |
| Koha item type | Book |
| Withdrawn status | Lost status | Damaged status | Not for loan | Collection | Home library | Current library | Date acquired | Total checkouts | Full call number | Barcode | Date last seen | Price effective from | Koha item type | Date due | Date last checked out |
|---|---|---|---|---|---|---|---|---|---|---|---|---|---|---|---|
| MRSPTU Central Library | MRSPTU Central Library | 651 DU-L | 16765 | 08/17/2023 | 08/17/2023 | Book | |||||||||
| MRSPTU Central Library | MRSPTU Central Library | 651 DU-L | 16766 | 08/17/2023 | 08/17/2023 | Book | |||||||||
| MRSPTU Central Library | MRSPTU Central Library | 1 | 651 DU-L | 16767 | 12/22/2025 | 08/17/2023 | Book | 01/13/2026 | 12/22/2025 | ||||||
| MRSPTU Central Library | MRSPTU Central Library | 651 DU-L | 16768 | 08/17/2023 | 08/17/2023 | Book | |||||||||
| MRSPTU Central Library | MRSPTU Central Library | 651 DU-L | 16769 | 08/17/2023 | 08/17/2023 | Book |
